|
|
|
|
| LEADER |
00000nam a2200000 4500 |
| 001 |
vtls012287951 |
| 003 |
SK-MaSNL |
| 005 |
20260301193058.0 |
| 008 |
251125s1807 xx 000 0 lat |
| 015 |
|
|
|a SNBHFA
|
| 038 |
|
|
|a SNKHF
|
| 040 |
|
|
|a SNK
|b slo
|c SNK
|e rda
|
| 041 |
0 |
|
|a lat
|
| 044 |
|
|
|a xx
|c XX
|
| 072 |
|
7 |
|a 94(430/439)
|x Dejiny krajín strednej Európy
|2 konspekt
|
| 080 |
|
|
|a 929.732
|2 2011
|
| 080 |
|
|
|a 94(430/439)
|2 2011
|
| 080 |
|
|
|a (437.672)
|2 2011
|
| 100 |
1 |
|
|a Máriássy József István
|4 aut
|9 572113
|
| 245 |
1 |
0 |
|a Gravamina Familiae Máriáss De Márkusfalva Comitiis Regni Hungariae Exhibita
|
| 264 |
|
1 |
|a [Miesto vydania nie je známe]
|b [Tlačiar nie je známy]
|c M. DCCC. VII. (1807)
|
| 300 |
|
|
|a 28 strán
|c 2° (36 x 24 cm)
|
| 336 |
|
|
|a text
|b txt
|2 rdacontent
|
| 337 |
|
|
|a bez média
|b n
|2 rdamedia
|
| 338 |
|
|
|b zväzok
|b nc
|2 rdacarier
|
| 505 |
1 |
|
|a Prítlačok 1.:
|r Dřevěný, František Xaver
|t Sub. G. Hochlobliche K. auch K. K. Hofkammer!
|g 27-28
|
| 546 |
|
|
|a Latinčina
|b Antikva
|
| 563 |
|
|
|a Väzba: Nová kožená väzba zdobená linkou.
|5 SNK SA 1080
|
| 650 |
0 |
7 |
|a šľachtické rody
|2 SNKPH
|9 31798
|
| 651 |
|
7 |
|a Markušovce (Slovensko)
|2 SNK
|9 31735
|
| 700 |
1 |
|
|a Dřevěný, František Xaver,
|d 1787-1843
|4 aut
|9 572114
|
| 852 |
|
|
|a snk
|p SA 1080
|
| 958 |
|
|
|a ONDV
|
| 999 |
|
|
|c 875942
|d 877872
|
| 952 |
|
|
|t 1
|a SNK
|b SNK
|c SNK_KF
|y PREZ
|7 8
|p 17A0725268
|o snkSA 1080
|i snkF 3793/81
|8 5
|0 0
|1 0
|2 udc
|4 0
|d 2025-11-25
|l 0
|r 2026-02-24 05:57:00
|w 2026-02-24
|